Fr. Conceicao Rodrigues College of Engineering

Engineering Optimization:Methods and applications (Record no. 26575)

MARC details
000 -LEADER
fixed length control field 00392nam a2200169Ia 4500
082 ## - DEWEY DECIMAL CLASSIFICATION NUMBER
Classification number 658.4033
Item number RAV
100 ## - MAIN ENTRY--PERSONAL NAME
Personal name Ravindran/ A/ Ragsdell/K.M
245 ## - TITLE STATEMENT
Title Engineering Optimization:Methods and applications
260 ## - PUBLICATION, DISTRIBUTION, ETC.
Name of publisher, distributor, etc. Wiely
Date of publication, distribution, etc. 2006
366 ## - TRADE AVAILABILITY INFORMATION
Publishers's discount category 20
300 ## - PHYSICAL DESCRIPTION
Extent 667
546 ## - LANGUAGE NOTE
Language note ENGLISH
-- Info.Tech
650 ## - SUBJECT ADDED ENTRY--TOPICAL TERM
Topical term or geographic name entry element Optimization
654 ## - SUBJECT ADDED ENTRY--FACETED TOPICAL TERMS
Focus term optimization
942 ## - ADDED ENTRY ELEMENTS (KOHA)
Koha item type BOOK
Holdings
Withdrawn status Lost status Damaged status Not for loan Collection Home library Current library Date acquired Source of acquisition Cost, normal purchase price Inventory number Total Checkouts Total Renewals Full call number Barcode Date last seen Date last checked out Cost, replacement price Price effective from Koha item type
        CRC Fr. Agnel's C.Rodrigues College of Engineering Fr. Agnel's C.Rodrigues- College of Engineering 17/03/2023 Book Service Syndicate 367.20 59 dt 11.06.2014 1 1 658.4033 RAV 23154 22/07/2024 11/07/2024 459.00   BOOK